MARC

LEADER 00000nam a22000007a 4500
001 28629
003 AGDB
005 20260324181527.0
008 241113b spa||||| |||| 00| 0 cat d
017 |a B 15306-2023 
040 |a agdb  |b cat 
110 |a Parc del Garraf (Catalunya)  |9 9859 
245 |a Mikel Lertxundi :   |b escultures 
260 |a Barcelona :   |b Diputació de Barcelona ;   |c 2023 
300 |a 1 fulletó :   |b 15 pàgines ; il·lustracions color ;   |c 21 x 15 cm 
500 |a Exposició inaugurada el 17 de setembre de 2023 al Centre Experimental de les Arts Vallgrassa (Begues, Parc del Garraf ).  
600 0 |a Lertxundi, Mikel,  |d 1951-  |v Exposicions  |9 71725 
610 2 0 |a Parc del Garraf (Catalunya)   |x Activitats culturals  |9 52944 
650 0 |a Escultura  |x Exposicions  |2 Arxiu  |9 48324 
655 0 |a Fulletons  |9 55858 
710 1 |a Barcelona (Catalunya : Província).  |b Xarxa de Parcs Naturals  |9 7250 
710 1 |a Barcelona (Catalunya : Província).  |b Àrea d'Espais Naturals i Infraestructura Verda  |9 71726 
710 1 |a Barcelona (Catalunya : Província).  |b Gerència de Serveis d’Espais Naturals  |9 52730 
942 |2 udc  |c ARXIU  |n 1 
952 |0 0  |1 0  |4 0  |6 FU7777  |7 1  |9 97543  |a Arxiu  |b Arxiu  |d 2024-11-13  |l 0  |o FU-77-77  |p 28629  |r 2024-11-13 00:00:00  |w 2024-11-13  |y ARXIU 
999 |c 129424  |d 129424